[Event "XIII Figueira da Foz Open 2019"]
[Site "Figueira da Foz"]
[Date "2019.11.03"]
[Round "9.2"]
[White "Maiorov, Nikita"]
[Black "Grigoryan, Karen H."]
[Result "0-1"]
[WhiteElo "2517"]
[BlackElo "2608"]
[Annotator "TA"]
[PlyCount "58"]
[EventDate "2019.10.27"]
[EventType "swiss"]
[EventCountry "POR"]
[SourceTitle "playchess.com"]
[Source "ChessBase"]
[SourceQuality "1"]

{[%evp 16,58,79,73,67,48,54,45,65,8,9,-27,-19,-20,-26,-31,-15,-81,-83,-69,-28,-94,-89,-101,-101,-90,-91,-95,-100,-182,-175,-145,-153,-231,-239,-335,-320,-319,-327,-326,-343,-320,-109,-1227,-1225]} 1. d4 Nf6 2. c4 c5 3. d5 g6 4. Nc3 Bg7 5. g3 d6 6. Bg2 O-O 7. Nf3 e5 8. O-O Ne8 9. e4 Na6 {E64: King's Indian: Fianchetto: 6...c5 7 d5} (9... Bg4 10. Qd3 Bxf3 11. Qxf3 Nd7 12. Qe2 f5 13. f4 exf4 14. Bxf4 fxe4 15. Nxe4 Qe7 16. Rae1 h6 17. h4 {1-0 (35) Cruz,C (2562)-Munoz Pantoja,M (2511) Riga 2019}) 10. Ne1 Bd7 11. a3 Nac7 $146 {White is slightly better.} ({Predecessor:} 11... Nec7 12. Nd3 b5 13. b3 Qc8 14. Qc2 f5 15. f3 b4 16. Na2 fxe4 17. fxe4 Rxf1+ 18. Bxf1 bxa3 19. Bxa3 {1-0 (36) Tibensky,R-Gross,S (2355) Trnava 1980}) 12. Nd3 (12. b4 $14) 12... b5 $11 13. cxb5 (13. b3 {with more complications.} f5 14. Bd2 a5 15. f3 b4 16. Na4) 13... Nxb5 14. Nxb5 Bxb5 15. a4 Ba6 16. b3 (16. Rb1 $11) 16... f5 $17 17. f3 Nf6 18. Ra3 (18. Re1 $11 {keeps the balance.}) 18... Rb8 19. Rf2 Qb6 20. a5 Qb5 21. Bf1 {Threatening Nxe5!} Qb7 22. Bg2 (22. Qe1 $17 {was worth a try.}) 22... fxe4 $19 23. fxe4 Qb5 24. Rf3 {[#]} (24. Nb2 $17) 24... Nxd5 $1 {[%mdl 512]} 25. Nf2 (25. Nxe5 $142 Bxe5 26. Qxd5+ Kg7 27. Qd1) (25. exd5 Rxf3) 25... Rxf3 26. Bxf3 Nc3 27. Qe1 Rf8 28. Bg4 {Black must now prevent Be6+.} Qb4 $2 (28... d5 $19 {and Black stays clearly on top. Strongly threatening ...Qb4.} 29. exd5 Qb4) 29. Kg2 $2 {[%mdl 8192]} (29. Be6+ $17 Kh8 {[#]} 30. Bc4 $1 {[%mdl 512]}) 29... Nxe4 {Accuracy: White = 32%, Black = 75%.} 0-1

[Event "XIII Figueira da Foz Open 2019"]
[Site "Figueira da Foz"]
[Date "2019.11.03"]
[Round "9.3"]
[White "Martin Duque, Jesus"]
[Black "Jakubowski, Krzysztof"]
[Result "0-1"]
[WhiteElo "2445"]
[BlackElo "2494"]
[Annotator "TA"]
[PlyCount "91"]
[EventDate "2019.10.27"]
[EventType "swiss"]
[EventCountry "POR"]
[SourceTitle "playchess.com"]
[Source "ChessBase"]
[SourceQuality "1"]

{[%evp 9,91,20,28,0,59,43,47,58,33,54,53,45,82,87,73,70,85,53,67,36,23,0,77,66,217,158,227,157,154,130,486,0,581,581,567,574,547,532,351,43,185,158,142,0,94,75,139,137,149,161,187,35,34,26,182,41,212,209,200,60,45,0,0,0,0,-70,-6,-96,-89,-61,0,-1970,-1968,-12841,-12841,-12841,-12842,-12842,-12843,-12843,-12843,-12845,-12845,-29992]} 1. e4 c5 2. Nf3 d6 3. d4 cxd4 4. Nxd4 Nf6 5. Nc3 a6 6. h4 {B90: Sicilian Najdorf: Unusual White 6th moves, 6 Be3 Ng4 and 6 Be3 e5} (6. g3 e5 7. Nde2 Be7 8. Bg2 O-O 9. O-O b5 10. Nd5 Nxd5 11. Qxd5 Ra7 12. Be3 Rb7 13. Qd2 Nd7 14. Nc3 Nf6 15. Bg5 Be6 16. Bxf6 Bxf6 17. Nd5 Bg5 {½-½ (43) Vitiugov,N (2732)-Yu,Y (2763) Khanty-Mansiysk 2019}) 6... b5 (6... e5 $11 7. Nf3 Be7) 7. a4 b4 8. Nd5 {White is slightly better.} Bb7 9. Nxf6+ gxf6 10. Bd3 Nc6 $146 ({Predecessor:} 10... e6 11. Qh5 Qc8 12. Be3 Nc6 13. Ne2 Ne5 {0-1 (41) Yeritsyan,A (2309)-Kozionov,K (2423) Moscow 2018}) 11. Nxc6 Bxc6 12. Qh5 Qd7 13. Bd2 Rg8 14. Qxh7 Rxg2 15. O-O-O ({Of course not} 15. Bxb4 Rg7 $17) 15... Qg4 (15... b3 $11) 16. b3 $16 d5 $2 (16... Rxf2 $14 17. h5 f5) 17. h5 ({Much less strong is} 17. Bxb4 $6 dxe4 18. Bc4 e6 $16) 17... dxe4 (17... e6 $16) 18. Bc4 e6 19. h6 {aiming for Qh8.} Rxf2 $2 {[%mdl 8192]} (19... Bc5 $16 {is more resistant.}) 20. Rhg1 $2 (20. Be3 $18) 20... Qh5 $2 {[%mdl 8192] [#]} (20... Qh3 $1 $11 21. Rh1 Qg2) 21. Qg8 $1 $18 {[%cal Rg8f8][%mdl 512]} Rxd2 22. Rxd2 {Threatens to win with h7.} Qxh6 {[#] Hoping for ...f5.} 23. Bxe6 $1 {[%csl Ge6][%cal Rg8f7][%mdl 512]} Ra7 (23... fxe6 24. Qxe6+) 24. Rgd1 $2 (24. Qg3 $18 {White wants to mate with Qb8+.} Bc5 25. Qb8+ Ke7 26. Bf5 $3 {[%mdl 512]}) 24... Qg5 ({Black should try} 24... Qg7 $1 $14 25. Qxg7 Bxg7) 25. Qxg5 fxg5 26. Bf5 (26. Rd8+ $16 Ke7 27. Bxf7 $1 {[%mdl 512]}) 26... Ke7 (26... Bc5 $11 {remains equal.}) 27. Re2 $16 Kf6 (27... e3 $142) 28. Bxe4 Bxe4 29. Rxe4 {[%mdl 4096] Endgame KRR-KRB} Kf5 {[#]} 30. Re8 $2 (30. Rc4 $1 $18) 30... Bg7 $14 31. Rd5+ Kg6 $2 (31... Kf4 $11 {and Black stays safe.}) 32. Kd2 (32. Rc8 $18) 32... Bc3+ $2 (32... g4 $14) 33. Ke3 $18 f6 34. Rd6 (34. Re6 $18) 34... Kf5 $1 $14 35. Ree6 a5 36. Ra6 Rh7 37. Kd3 (37. Re8 $11 Rh3+ 38. Ke2) 37... Be5 ({Better is} 37... g4 $1 $15) 38. Rec6 {[#]} (38. Re8 $1 $11) 38... g4 $1 $17 {[%cal Rg4g3]} 39. Rxa5 {Threatening Rc4.} g3 {...g2 is the strong threat.} 40. Rc8 $2 {[%mdl 8192]} (40. Ke2 $11) 40... Rg7 $19 {Black is clearly winning.} 41. Rxe5+ Kxe5 ({Less strong is} 41... fxe5 42. Rf8+ Kg4 43. Ke3 $17) 42. Re8+ Kf4 43. Re4+ Kf3 44. Re3+ Kf2 {( -> ...Rd7+)} 45. Re2+ Kf1 46. Kd4 {Accuracy: White = 29%, Black = 32%.} 0-1

[Event "XIII Figueira da Foz Open 2019"]
[Site "Figueira da Foz"]
[Date "2019.11.03"]
[Round "9.4"]
[White "Barski, Radoslaw"]
[Black "Stella, Andrea"]
[Result "1/2-1/2"]
[WhiteElo "2437"]
[BlackElo "2484"]
[Annotator "TA"]
[PlyCount "164"]
[EventDate "2019.10.27"]
[EventType "swiss"]
[EventCountry "POR"]
[SourceTitle "playchess.com"]
[Source "ChessBase"]
[SourceQuality "1"]

{[%evp 14,164,29,9,18,11,16,23,32,24,25,26,8,14,6,14,28,0,0,0,0,0,18,11,8,18,12,14,51,45,47,-48,-43,-55,-54,-55,-61,-60,-49,-49,-49,-45,-31,-61,-61,-61,-54,-62,-58,-63,-47,-47,-42,-42,-42,-47,-47,-47,-47,-47,-44,-47,-47,-47,-47,-47,-46,-86,-42,-46,-44,-43,-46,-46,0,-42,-42,-44,-42,-50,-53,-50,-48,-56,-56,-85,-91,-94,-33,-47,-41,-45,-33,-33,-33,-33,-33,-33,-33,-33,-33,-110,-110,-120,-116,-109,-100,-104,-112,-1649,-1649,-1649,-1635,-1635,-450,-1368,-450,-1173,-450,-683,-450,-1155,-450,-450,0,-1041,0,-416,-401,-270,-135,-135,-135,-5169,-1682,-5398,-5398,-5398,-5398,-5398,-5398,-5398,-5398,-5398,-5398,-5398,-5398,-5372,-5084,-3774,-3497,-3272,-2629]} 1. e4 e6 2. d4 d5 3. e5 c5 4. c3 Nc6 5. Nf3 Bd7 6. Be2 Nge7 7. O-O Ng6 8. g3 Be7 {C02: French: Advance Variation} 9. h4 cxd4 (9... O-O 10. h5 Nh8 11. h6 g6 12. c4 cxd4 13. cxd5 exd5 14. Na3 f6 15. exf6 Bxf6 16. Nb5 {0-1 (56) Grischuk,A (2750)-Carlsen,M (2832) chess.com INT 2017}) 10. cxd4 O-O {White has an edge.} 11. h5 Nh8 12. Nc3 f6 13. exf6 Bxf6 14. Be3 {[#]} Be8 $146 ({Predecessor:} 14... Nf7 15. Bd3 Kh8 16. Rc1 e5 17. dxe5 Nfxe5 {½-½ (17) Papp,G (2582)-Kovacevic,A (2557) Sarajevo 2013}) 15. g4 Nf7 16. Kg2 (16. Rc1 {feels hotter.} Rc8 17. a3 Bd7 18. b4 Nd6 19. Nb5) 16... e5 17. dxe5 Nfxe5 18. Qxd5+ Qxd5 19. Nxd5 {Threatening Bc5.} Nxg4 20. Bc5 Rf7 21. Bc4 {Black must now prevent Nc7.} Kh8 $1 22. Rfe1 (22. Nc3 $14) 22... Bxb2 $15 23. Rab1 Nce5 24. Nxe5 Nxe5 25. Be2 $1 Bc6 26. Rxb2 Bxd5+ 27. Kg3 h6 28. Rd2 Nf3 29. Bxf3 $1 Bxf3 30. Re5 b6 31. Be3 Kh7 32. a4 Rc8 33. Rd4 Bb7 34. a5 bxa5 35. Rxa5 a6 36. Re5 Rcc7 37. Ra4 Rcd7 38. Rf4 Rxf4 39. Kxf4 {[%mdl 4096] Endgame KRB-KRB} Bd5 40. Kg3 Bb3 41. Rc5 Bd1 42. Ra5 Be2 43. Re5 Bd1 44. Ra5 Rd6 45. Bf4 Re6 46. Be3 Be2 47. Rc5 Re7 48. Bf4 Rb7 49. Be3 Rb5 50. f3 Rb7 (50... Rxc5 $17 51. Bxc5 a5) 51. Kf2 Bb5 52. Bd2 Ba4 53. Bc3 Rf7 54. Kg3 Bd1 55. f4 Rd7 56. Kh4 Bf3 57. Kg3 {[#]} (57. Ba1 $15) 57... Bxh5 $1 $17 {[%mdl 512]} 58. f5 (58. Rxh5 Rd3+) 58... Bf7 59. Kf4 Bd5 60. Be5 Bb7 61. Rc7 $2 {[%mdl 8192]} (61. Ba1 $17) 61... Rxc7 $19 62. Bxc7 {KB-KB} Kg8 63. Ba5 Kf7 (63... g6 $142 64. fxg6 Kg7) 64. Bc3 (64. Bd2 $142 Bc6 65. Bc3) 64... Bc6 (64... g6 $142 65. fxg6+ Kxg6) 65. Bb4 (65. Bd2 $142 Ke7 66. Bc3) 65... Ba4 66. Bc3 (66. Bd2 $142 Bd1 67. Bb4) 66... Bc2 67. Be1 (67. Bd2 $142 Ba4 68. Bc3) 67... Kg8 (67... g5+ $142 68. fxg6+ Bxg6) 68. Bc3 Kf7 (68... g6 $142 69. fxg6 Bxg6) 69. Be1 $1 Ba4 $2 (69... g5+ $19 70. fxg6+ Kxg6) 70. Bb4 $2 {[%mdl 8192]} (70. Bc3 $11) 70... Be8 71. Bc3 h5 ({Black should play} 71... Bd7 $19 72. Ke5 Bc6) 72. Kg5 $17 Ke7 73. f6+ $2 {[%mdl 8192]} (73. Bb4+ $17 Kd7 74. Bc3) 73... gxf6+ $19 {Black is clearly winning.} 74. Bxf6+ Ke6 75. Bd8 Kd7 76. Ba5 Kc6 77. Kf4 Kb5 78. Bd8 a5 {[%cal Ba6a5,Ba5a4][%mdl 32]} 79. Ke3 a4 80. Kd2 Bg6 81. Kc3 Bf7 82. Kb2 Be6 {[%mdl 32768] Accuracy: White = 45%, Black = 66%. . An unexpected result.} 1/2-1/2

[Event "XIII Figueira da Foz Open 2019"]
[Site "Figueira da Foz"]
[Date "2019.11.03"]
[Round "9.5"]
[White "Djuric, Stefan"]
[Black "Spraggett, Kevin"]
[Result "1/2-1/2"]
[WhiteElo "2356"]
[BlackElo "2513"]
[Annotator "TA"]
[PlyCount "61"]
[EventDate "2019.10.27"]
[EventType "swiss"]
[EventCountry "POR"]
[SourceTitle "playchess.com"]
[Source "ChessBase"]
[SourceQuality "1"]

{[%evp 22,61,29,22,33,37,29,30,38,47,43,35,42,54,55,47,74,46,56,58,58,66,69,15,29,15,16,32,22,16,18,24,22,16,16,17,18,16,31,0,0,0]} 1. d4 Nf6 2. c4 g6 3. Nc3 d6 4. e4 Bg7 5. Nf3 O-O 6. Be2 e5 7. Be3 Na6 8. dxe5 dxe5 9. O-O c6 10. Qxd8 Rxd8 11. Rfd1 Re8 12. h3 Nh5 {E94: King's Indian: Classical: 6 Be2 e5 7 0-0: Various Black 7th moves} 13. Rab1 $146 ({Predecessor:} 13. a3 h6 14. b4 Nf4 15. Bf1 Nc7 16. c5 g5 17. Nd2 Be6 18. Nc4 Bxc4 19. Bxc4 Rad8 20. b5 Nce6 21. Rab1 {½-½ (36) Fressinet,L (2706)-Guseinov,G (2623) Moscow 2013}) 13... Nf4 14. Bf1 Ne6 {White has an edge.} 15. b4 f5 16. c5 Nac7 17. Bc4 Kf8 18. a4 {[%cal Ba2a4,Ba4a5][%mdl 32]} a6 19. a5 Nb5 20. Nxb5 axb5 21. Ba2 Nf4 22. Bxf4 (22. Rd2 $14) 22... exf4 $11 23. e5 $1 Be6 $1 {[%cal Re6a2]} 24. Bxe6 Rxe6 25. Rd7 Re7 26. Rbd1 Rae8 27. h4 Rxd7 28. Rxd7 Re7 $1 {[%cal Re7d7]} 29. Rd8+ Re8 30. Rd7 Re7 $1 {[%cal Re7d7]} 31. Rd8+ {Accuracy: White = 79%, Black = 83%.} 1/2-1/2

[Event "XIII Figueira da Foz Open 2019"]
[Site "Figueira da Foz"]
[Date "2019.11.03"]
[Round "9.6"]
[White "Medarde Santiago, Luis Marcos"]
[Black "Clarke, Brandon G I"]
[Result "1/2-1/2"]
[WhiteElo "2285"]
[BlackElo "2445"]
[Annotator "TA"]
[PlyCount "41"]
[EventDate "2019.10.27"]
[EventType "swiss"]
[EventCountry "POR"]
[SourceTitle "playchess.com"]
[Source "ChessBase"]
[SourceQuality "1"]

{[%evp 24,41,44,47,45,54,73,55,64,59,56,33,39,39,39,39,39,39,39,39]} 1. e4 c5 2. Nf3 Nc6 3. d4 cxd4 4. Nxd4 g6 5. c4 Nf6 6. Nc3 Nxd4 7. Qxd4 d6 8. f3 Bg7 9. Be3 O-O 10. Qd2 Be6 11. Rc1 Qa5 12. Nd5 Qxd2+ 13. Kxd2 Bxd5 {B36: Sicilian: Maroczy Bind: Gurgenidze System} 14. cxd5 Rfc8 15. Bd3 (15. Be2 a6 16. b4 Nd7 17. a4 Kf8 18. a5 Ke8 19. f4 Bb2 20. Rxc8+ Rxc8 21. Rb1 {½-½ (48) Stocek,J (2581)-Papp,G (2598) Germany 2018}) 15... Nd7 {White is slightly better.} 16. b4 $146 ({Predecessor:} 16. b3 Bb2 17. Rb1 Bc3+ 18. Ke2 Ne5 19. Rhc1 a6 20. Rc2 Ba5 21. Rbc1 Rxc2+ 22. Rxc2 {1-0 (56) Homiakova,E (2110)-Shilo,E (2048) Minsk 2009}) 16... Kf8 17. Rxc8+ Rxc8 18. Rc1 Rxc1 19. Kxc1 Bc3 20. a3 a5 21. Bb5 1/2-1/2

[Event "XIII Figueira da Foz Open 2019"]
[Site "Figueira da Foz"]
[Date "2019.11.03"]
[Round "9.7"]
[White "Garcia Dorado, Alberto"]
[Black "Romanishin, Oleg M"]
[Result "1/2-1/2"]
[WhiteElo "2170"]
[BlackElo "2441"]
[Annotator "TA"]
[PlyCount "85"]
[EventDate "2019.10.27"]
[EventType "swiss"]
[EventCountry "POR"]
[SourceTitle "playchess.com"]
[Source "ChessBase"]
[SourceQuality "1"]

{[%evp 18,85,15,5,32,27,58,25,46,14,34,29,37,16,34,34,41,39,25,13,54,39,39,17,44,16,23,0,0,-8,10,18,30,0,0,0,0,0,0,-1003,0,-370,0,0,0,0,0,0,0,-3,0,0,0,0,0,-61,0,-1,-10,-12,0,0,0,0,0,0,0,0,2,3]} 1. d4 Nf6 2. c4 e6 3. g3 c5 4. d5 exd5 5. cxd5 d6 6. Nc3 g6 7. Bg2 Bg7 8. Nf3 O-O 9. O-O Re8 10. Re1 Na6 {A62: Modern Benoni: Fianchetto Variation without early ...Nbd7} (10... a6 11. a4 b6 12. h3 Nbd7 13. e4 Qc7 14. Bd2 h6 15. Rb1 Rb8 16. Bf1 g5 17. Qc2 Nf8 18. b4 Ng6 19. b5 a5 {0-1 (49) Ni,H (2683)-Maghsoodloo,P (2688) Makati 2018}) 11. e4 Ng4 12. Bg5 $146 ({Predecessor:} 12. Bf4 Nc7 13. a4 b6 14. h3 Ne5 15. Nxe5 dxe5 16. Be3 Qd6 17. Qd2 Rb8 18. Nb5 Nxb5 19. axb5 {0-1 (52) Kirali,M (1890)-Yenil,M (1714) Antalya 2019}) 12... Qb6 {White has an edge.} 13. Na4 Qc7 14. Bf4 Bd7 15. Nc3 c4 16. h3 Ne5 17. Nxe5 Bxe5 18. Bxe5 dxe5 (18... Rxe5 {with more complications.} 19. b3 cxb3 20. Qxb3 Rc8 21. Re3 Nc5) 19. Bf1 Rac8 20. Rc1 Qd6 21. b3 cxb3 22. Qxb3 Nc5 23. Qb4 a6 24. a4 a5 25. Qb1 (25. Nb5 $5 {[%cal Rb5d6]} Qe7 26. Qa3 $11 (26. Qxa5 $2 Nb3 $19 {[%mdl 64] Double Attack, Discovered Attack})) 25... Nxa4 26. Nxa4 Bxa4 27. Qxb7 Rb8 28. Qc6 $2 {[%mdl 8192] [#]} (28. Qa7 $11) 28... Qxc6 $2 (28... Bxc6 $19 29. Rxc6 Qb4) 29. Rxc6 $4 {[%mdl 8192]} (29. dxc6 $11 {and White has nothing to worry.} Rbc8 30. h4 (30. c7 Re7 $11)) 29... Bb3 $2 ({Black should try} 29... Bxc6 $19 30. dxc6 Rec8) 30. Bc4 $11 a4 {[%cal Ba5a4,Ba4b3][%mdl 32]} 31. Bxb3 axb3 {[%mdl 4096] Endgame KRR-KRR} 32. Rb1 Rb4 33. Rb2 Kf8 34. Kg2 Rd8 35. Rc3 Rxe4 36. Rcxb3 (36. Rbxb3 $11 Rd7 37. Rc8+ Ke7 38. Rh8) 36... Rd7 (36... Rxd5 $15 37. Rb8+ Ke7) 37. Rd3 {The position is equal.} Rc4 38. Rb8+ Ke7 39. d6+ Rxd6 40. Rb7+ Ke6 41. Rxd6+ Kxd6 42. Rxf7 Rc7 43. Rf6+ {Accuracy: White = 65%, Black = 42%.} 1/2-1/2

[Event "XIII Figueira da Foz Open 2019"]
[Site "Figueira da Foz"]
[Date "2019.11.03"]
[Round "9.8"]
[White "Gomez Dieguez, David"]
[Black "Gavasheli, Ana"]
[Result "0-1"]
[WhiteElo "2336"]
[BlackElo "2240"]
[Annotator "TA"]
[PlyCount "114"]
[EventDate "2019.10.27"]
[EventType "swiss"]
[EventCountry "POR"]
[SourceTitle "playchess.com"]
[Source "ChessBase"]
[SourceQuality "1"]

{[%evp 16,114,63,58,60,60,60,60,70,58,76,79,66,45,80,60,64,8,9,0,0,0,0,0,30,0,27,20,43,31,33,0,0,0,14,12,15,23,41,18,158,139,150,156,147,136,126,133,118,-253,173,171,170,176,243,241,237,237,225,191,208,190,300,297,447,175,148,21,79,70,191,0,0,0,0,0,0,0,0,-28,0,0,0,0,0,-108,-114,-394,-387,-29979,-29980,-29987,-29988,-29994,-29995,-29995,-29990,-29990,-29991,-29991,-29992]} 1. e4 d6 2. d4 Nf6 3. Nc3 g6 4. f4 Bg7 5. Nf3 c6 6. e5 dxe5 7. fxe5 Nd5 8. Bc4 O-O 9. O-O Bf5 {B09: Pirc Defence: Austrian Attack} 10. Qe2 (10. Nxd5 cxd5 11. Bd3 Bxd3 12. Qxd3 Nc6 13. c3 Qd7 14. Bf4 b5 15. Rae1 b4 16. Ng5 f6 17. exf6 exf6 18. Ne6 {½-½ (18) Ristic,N (2442)-Indjic,A (2533) Vrbas 2015}) 10... a5 $146 ({Predecessor:} 10... h6 11. Nh4 Be6 12. Nxd5 Bxd5 13. Bd3 Be6 14. Be3 c5 15. Nf3 Nc6 16. dxc5 Qc7 17. Bf4 {0-1 (58) Curdo,J (2380)-Wong,F (2323) Cambridge 1995}) 11. a4 Na6 {White is slightly better.} 12. Ne4 Nac7 13. c3 b6 14. Ng3 Bc8 15. Qe4 f5 16. exf6 (16. Qh4 $14) 16... exf6 $11 17. h4 Re8 18. Qc2 Qd6 19. Qf2 h5 20. Bd3 f5 21. Ng5 Rf8 22. Ne2 Ne6 23. Nxe6 (23. Bc4 {looks sharper.} Nxg5 24. Bf4 Nh3+ 25. gxh3 Qe7 26. Qg3) 23... Bxe6 24. Nf4 Nxf4 25. Bxf4 Qd7 26. Qg3 Bf7 27. Bc7 c5 (27... Rfe8 $11) 28. dxc5 $16 ({Inferior is} 28. Bxb6 c4 $11) 28... bxc5 29. Bb5 Qd2 30. Bc6 Rac8 31. Rf2 $36 {[%mdl 2048] White is in control.} Qh6 32. Bf4 $2 {[%mdl 8192]} (32. Bb5 $16) 32... Qh8 $4 {[%mdl 8192]} (32... g5 $1 $19 {[%cal Rg5f4] and all is fine.} 33. Qxg5 Qxg5 34. Bxg5 Rxc6 35. Rxf5 Bc4 36. Rxf8+ Bxf8) 33. Bd7 $18 Rcd8 34. Bb5 Rc8 (34... Bf6 $142 35. Re1 Qg7) 35. Rd1 Rfd8 36. Rfd2 Kh7 37. Bd7 Ra8 38. Bc7 Rg8 (38... Rf8 $142 39. Bc6 Ra6) 39. Bc6 Rac8 (39... Ra6 $142) 40. Re2 $2 (40. Rd7 Rgf8 41. R1d6) 40... Bf6 41. Bd5 (41. Bd7 $16) 41... Bxd5 (41... Qg7 $11 {remains equal.} 42. Bxa5 Rge8) 42. Rxd5 $16 Bxh4 ({Black should play} 42... Qg7 $14 43. Be5 (43. Bxa5 Qf7 $16) (43. Rxc5 Qd7 $14) 43... Rgd8 44. Bxf6 Qxf6) 43. Rd7+ $2 (43. Qxh4 $18 Rxc7 44. Rxf5 $3 {[%mdl 512]}) 43... Rg7 $11 44. Qd6 Bg3 45. Rxg7+ Qxg7 46. Qxg3 {Threatens to win with Bd6.} Rxc7 {[%mdl 4096] Endgame KQR-KQR} 47. Qg5 c4 48. Re6 Rb7 49. Kh1 Qf7 (49... Rxb2 $2 50. Re7 $18) 50. Re5 (50. Qe3 $11 {keeps the balance.}) 50... f4 $1 $17 ({Not} 50... Rxb2 $2 51. Re7 $1 $18 {[%mdl 512]}) 51. Rb5 $2 {[%mdl 8192] [#]} (51. Re2 $17 {was worth a try.}) 51... Rd7 $1 $19 {And now ...f3 would win.} 52. Rxa5 $2 (52. Re5 $19 f3 53. Re1) 52... f3 {Black mates.} 53. gxf3 Qxf3+ 54. Kh2 Qf2+ {[%mdl 64] Double Attack} 55. Qg2 Qf4+ 56. Qg3 Rd2+ {[%mdl 64] Double Attack} 57. Kh3 {[#]} Rd3 $1 {[%mdl 576] Pin. Accuracy: White = 43%, Black = 45%.} 0-1

[Event "XIII Figueira da Foz Open 2019"]
[Site "Figueira da Foz"]
[Date "2019.11.03"]
[Round "9.9"]
[White "Rey Malde, Henrique"]
[Black "Fernandes, Miguel A. Murtinho"]
[Result "1/2-1/2"]
[WhiteElo "2209"]
[BlackElo "2115"]
[Annotator "ChessBase"]
[PlyCount "85"]
[EventDate "2019.10.27"]
[EventType "swiss"]
[EventCountry "POR"]
[SourceTitle "playchess.com"]
[Source "ChessBase"]
[SourceQuality "1"]
[TimeControl "40/5400+30:1800+30"]

1. e4 {[%emt 0:00:00]} c6 {[%emt 0:00:00]} 2. d4 {[%emt 0:00:00]} d5 {[%emt 0:00:00]} 3. e5 {[%emt 0:00:00]} Bf5 {[%emt 0:00:00]} 4. h4 {[%emt 0:01:17]} h5 {[%emt 0:00:20]} 5. Bd3 {[%emt 0:00:20]} Bxd3 {[%emt 0:00:23]} 6. Qxd3 {[%emt 0:00:03]} e6 {[%emt 0:00:19]} 7. Bg5 {[%emt 0:00:38]} Qb6 {[%emt 0:00:44]} 8. Nd2 {[%emt 0:00:21]} Nd7 {[%emt 0:02:37]} 9. Ngf3 {[%emt 0:00:59]} Ne7 {[%emt 0:02:19]} 10. O-O {[%emt 0:02:58]} O-O-O {[%emt 0:03:07]} 11. a4 Qc7 12. g3 {[%emt 0:15:03]} Kb8 {[%emt 0:12:18]} 13. b4 {[%emt 0:05:48]} Rc8 {[%emt 0:04:03]} 14. Rfb1 {[%emt 0:00:57]} Nf5 {[%emt 0:03:41]} 15. Bf4 {[%emt 0:07:58]} Be7 {[%emt 0:04:46]} 16. c3 Nf8 {[%emt 0:04:28]} 17. Nb3 {[%emt 0:10:49]} Ng6 {[%emt 0:01:13]} 18. Qd2 Qd8 {[%emt 0:04:34]} 19. Nc5 {[%emt 0:07:21]} Nxf4 {[%emt 0:00:56]} 20. Qxf4 {[%emt 0:00:09]} g5 {[%emt 0:02:54]} 21. Nxg5 {[%emt 0:03:25]} Bxg5 {[%emt 0:00:15]} 22. Qxg5 {[%emt 0:02:22]} Qxg5 {[%emt 0:01:32]} 23. hxg5 {[%emt 0:00:07]} Rcg8 {[%emt 0:01:06]} 24. b5 b6 25. bxc6 {[%emt 0:24:39]} Kc7 {[%emt 0:00:46]} 26. Nd3 {[%emt 0:04:50]} a5 {[%emt 0:04:31]} 27. Ra2 {[%emt 0:03:37]} Rxg5 {[%emt 0:00:09]} 28. Rab2 {[%emt 0:00:06]} Rb8 {[%emt 0:00:22]} 29. Kf1 {[%emt 0:02:39]} h4 {[%emt 0:03:34]} 30. gxh4 {[%emt 0:00:04]} Nxh4 {[%emt 0:00:07]} 31. Rb5 {[%emt 0:00:50]} Rgg8 {[%emt 0:01:16]} 32. Ke2 {[%emt 0:01:11]} Nf5 {[%emt 0:02:11]} 33. Rh1 {[%emt 0:01:05]} Kxc6 {[%emt 0:00:30]} 34. Rh7 {[%emt 0:00:29]} Rg7 {[%emt 0:00:21]} 35. Rxg7 {[%emt 0:03:16]} Nxg7 {[%emt 0:00:07]} 36. Nf4 {[%emt 0:00:13]} Ne8 {[%emt 0:01:05]} 37. Kd3 {[%emt 0:01:22]} Nc7 {[%emt 0:00:13]} 38. Rb1 {[%emt 0:00:05]} b5 {[%emt 0:00:52]} 39. axb5+ {[%emt 0:01:33]} Nxb5 {[%emt 0:02:06]} 40. Ra1 {[%emt 0:00:00]} Kb6 {[%emt 0:00:00]} 41. Ne2 Rc8 42. Ra4 Na7 43. c4 1/2-1/2